Statistics for Duck Bob's General Knowledge #5

Click here to take the quiz!

General Stats

  • This quiz has been taken 18 times
  • The average score is 9 of 20

Answer Stats

HintAnswer% Correct
Where does gunpowder originate from?China
100%
What is the name of this symbol: &Ampersand
82%
Which peninsula did most of the Mayan civilization live on?Yucatan peninsula
71%
Which US president was known as the bull moose?Theodore Roosevelt
65%
Which popular construction material is highly carcinogenic?Asbestos
59%
What group of elements don't react with other elements?Noble Gases
59%
What famous philosopher coined the phrase "I think, therefore I am?"Rene Descartes
59%
Which mountain range is commonly used as the boundary between Europe and Asia?Ural Mountains
59%
Who was the astronaut on Apollo VII that did not walk on the moon?Michael Collins
47%
What is the state small mammal of Texas?Armadillo
41%
What chess opening is characterized by the sequence of moves d4, d5, c5?The Queen's Gambit
41%
What popular Japanese company's name means "leave luck to heaven"?Nintendo
35%
What Mario Kart map takes place in space?Rainbow road
35%
What acts as a catalyst to speed up a reaction of a substrate?Enzyme
29%
Which African River starts just 150 miles (240 km) from the ocean, but takes a 2400-mile (4200 km) path to the ocean?Niger River
29%
What is Avogadro's Number?6.022 * 10^23
24%
What did David play to please the Lord in the song Hallelujah?A Secret Chord
18%
What billionaire's charitable organization is the second largest foundation in the world?The Bill and Melinda Gates Foundation
18%
What were the six flags over Texas (in order)?Spain, France, Mexico, Texas, Confederacy, US
12%
What political party is dominant in Mexico since 1929?International Revolutionary Party
6%

Score Distribution

Percentile by Number Answered

Percent of People with Each Score

Your Score History

You have not taken this quiz